| 000 | 00866nam a2200265Ia 4500 | ||
|---|---|---|---|
| 003 | OSt | ||
| 005 | 20221005081252.0 | ||
| 006 | a|||||r|||| 00| 0 | ||
| 007 | ta | ||
| 008 | 221004b |||||||| |||| 00| 0 hin d | ||
| 020 |
_a9789354090417 (hbk) _cINR 365.00 |
||
| 024 | _a68365 | ||
| 037 |
_b1856, 04/03/2021, Bright Book Service _cTextual |
||
| 040 |
_aCRL _cCRL _bhin |
||
| 041 |
_2hin _ahin |
||
| 082 | _aV2,1y7N45, R0 | ||
| 100 |
_aKovind Ram Nath Au. _9610935 |
||
| 245 | 0 |
_aRepublican ethic _b President Ram Nath Kovind selected speeches- Vol.3 |
|
| 260 |
_aNew Delhi _bPublications Diision India _c2020 |
||
| 300 |
_a245p. _ccm. |
||
| 650 |
_a PRESIDENTS - CHINA _9597809 |
||
| 650 | _aINDIA - HISTORY | ||
| 942 |
_hV2,1y7N45, R0 _cTEXL _2cc |
||
| 999 |
_c987459 _d987459 |
||